• 首页
  • 本馆介绍
  • 公告通知
  • 最新文献
  • 馆藏检索
  • 电子资源
  • 读者导购
  • 参考咨询
  • 我的图书馆
  • 登录
  • 详细信息显示
  • 放入我的书架
  • 预约/预借图书
  • 作者相关作品
  • 分类相关作品
  • 丛书相关作品
  • 出版社相关作品

书目信息

  • 表格格式
  • 工作单格式
  • 卡片格式
题名:
江汉保卫战
    
 
作者: 姜晓德 著
分册:  
出版信息: 北京   长城出版社  2015
页数: 375页
开本: 24cm
丛书名: 中国抗日战争战场全景画卷丛书
单 册:
中图分类: E296.931
科图分类:
主题词: 武汉会战--史料
电子资源:
ISBN: 978-7-5483-0103-5
000 01065oam2 2200265 45
001 012001001117
005 20140920091302.0
010    @a978-7-5483-0103-5@dCNY68.00
100    @a20151101d2015 em y0chiy50 ea
101 0  @achi
102    @aCN@b110000
105    @aa z 000yy
106    @ar
200 1  @a江汉保卫战@9Jiang Han Bao Wei Zhan@e武汉大会战影像全纪录@f姜晓德著
210    @a北京@c长城出版社@d2015
215    @a375页@c图,照片@d24cm
225 1  @a中国抗日战争战场全景画卷丛书@h第二辑@f徐华主编@v15
330    @a本书全方位、多视角、全景式地讲述了1938年6月开始的武汉大会战的全过程。此役历时4个半月,是抗日战争中规模最大、持续时间最长、作战地域最广阔的战役,也是中国军队打得最出色的战役之一。书中辅以大量历史资料图片,让读者更加直观地了解这段历史。
461  0 @12001 @a中国抗日战争战场全景画卷丛书
517 1  @a武汉大会战影像全纪录@9Wu Han Da Hui Zhan Ying Xiang Quan Ji Lu
606 0  @a武汉会战@j史料
690    @aE296.931@v5
701  0 @a姜晓德@9Jiang Xiao De@4著
801  0 @aCN@b上海新华@c20180901
905    @b1042995-99@dE296.931@e88@f5
    
    江汉保卫战:武汉大会战影像全纪录/姜晓德著.-北京:长城出版社,2015
    375页:图,照片;24cm.-(中国抗日战争战场全景画卷丛书.第二辑/徐华主编;15)
    
    
    ISBN 978-7-5483-0103-5:CNY68.00
    本书全方位、多视角、全景式地讲述了1938年6月开始的武汉大会战的全过程。此役历时4个半月,是抗日战争中规模最大、持续时间最长、作战地域最广阔的战役,也是中国军队打得最出色的战役之一。书中辅以大量历史资料图片,让读者更加直观地了解这段历史。
●
相关链接 在E读中查询图书 在五车中查询图书 在当当中查询图书 在豆瓣中查询图书


正题名:江汉保卫战     索取号:E296.931/88         预约/预借

序号 登录号 条形码 馆藏地/架位号 状态 备注
1 1042995   210429954   第一样本阅览室/ [索取号:E296.931/88] 在馆    
2 1042996   210429963   密集书库-资源管理系/ [索取号:E296.931/88] 在馆    
3 1042997   210429972   第一借阅区/ [索取号:E296.931/88] 在馆    
4 1042998   210429981   第一借阅区/ [索取号:E296.931/88] 在馆    
5 1042999   210429990   第一借阅区/ [索取号:E296.931/88] 在馆    
唐山师范学院图书馆 欢迎您!
大连网信软件有限公司© 版权所有